| 000 | 01882nam a22003614i 4500 | ||
|---|---|---|---|
| 003 | PE-LiUPU | ||
| 005 | 20260217105933.0 | ||
| 008 | 20260212s2015 ag a rb 001 0 spa d | ||
| 020 | _a9789877013429 | ||
| 035 | _aPE-LiUPU000000 | ||
| 040 |
_aPE-LiUPU _bspa _cPE-LiUPU _erda |
||
| 082 | 0 | 4 |
_a286.73092 _bO91a _223 |
| 100 | 1 |
_aOtto, Edgardo, _eautor. _98029 |
|
| 245 | 1 | 0 |
_aA Dios sea la gloria : _bhistorias de un apasionado por el colportaje / _cEdgardo Otto. |
| 250 | _aPrimera edición. | ||
| 264 | 1 |
_aFlorida, Buenos Aires : _bAsociación Casa Editora Sudamericana, _c2015. |
|
| 300 |
_a192 páginas : _bilustraciones, fotografías ; _c23 cm |
||
| 336 |
_atext _2rdacontent |
||
| 337 |
_aunmediated _2rdamedia |
||
| 338 |
_avolume _2rdacarrier |
||
| 500 | _aLibro de edición argentina. Incluye fotografías y testimonios. | ||
| 504 | _aIncluye referencias bíblicas. | ||
| 505 | 0 | _aUn colportor apasionado -- Primeros años de servicio -- Aventuras y milagros en el campo -- Experiencias de fe y desafíos -- Transformaciones personales -- Enseñanzas aprendidas -- Impacto del colportaje en la comunidad -- Historias conmovedoras -- Lecciones para colportores -- Conclusión -- Fotografías a color. | |
| 520 | _aBiografía y testimonio de Edgardo Otto, colportor adventista durante más de tres décadas, que narra sus experiencias personales en el ministerio del colportaje, destacando la guía y la provisión divina en su trabajo de difusión de literatura cristiana. | ||
| 600 | 1 | 8 |
_aOtto, Edgardo, _vBiografía. |
| 650 | 2 | 4 | _aColportaje adventista. |
| 650 | 1 | 8 |
_aIglesia Adventista del Séptimo Día _xBiografía. |
| 650 | 1 | 8 |
_aColportores _zArgentina _vBiografías. |
| 650 | 1 | 4 |
_aEvangelismo _9953 |
| 700 | 1 |
_aOrrego, Aldo D., _edirector editorial. |
|
| 942 |
_2ddc _cBK |
||
| 980 |
_618228 _aRebeca Esther Huerta Leyton _818226 _gJaime Vilcazán Jefe de Análisis Documental |
||
| 999 |
_c63269 _d63268 |
||